000 00262nam a2200097Ia 4500
082 _aJ 571.811789 MORG
245 0 _aFrogs and other amphibians
100 _a MORGAN, Sally London, 2003
_985528
942 _cBK
008 210817s9999 xx 000 0 und d
999 _c320030
_d320029